<?xml version="1.0" encoding="UTF-8"?>
<record
    xmlns:xsi="http://www.w3.org/2001/XMLSchema-instance"
    xsi:schemaLocation="http://www.loc.gov/MARC21/slim http://www.loc.gov/standards/marcxml/schema/MARC21slim.xsd"
    xmlns="http://www.loc.gov/MARC21/slim">

  <leader>00723nam a22001577a 4500</leader>
  <controlfield tag="003">OSt</controlfield>
  <controlfield tag="005">20151216143219.0</controlfield>
  <controlfield tag="008">151216b        xxu||||| |||| 00| 0 eng d</controlfield>
  <datafield tag="040" ind1=" " ind2=" ">
    <subfield code="c">RUA</subfield>
  </datafield>
  <datafield tag="082" ind1=" " ind2=" ">
    <subfield code="a">ATM PRO 2001 B192 Or.1</subfield>
  </datafield>
  <datafield tag="100" ind1=" " ind2=" ">
    <subfield code="9">4926</subfield>
    <subfield code="a">PROM, CHANRASMEY.</subfield>
  </datafield>
  <datafield tag="245" ind1=" " ind2=" ">
    <subfield code="a">Evalualtion of australian radial type dryer and it's effects on grain quality, &#x1780;&#x17B6;&#x179A;&#x179C;&#x17B6;&#x1799;&#x178F;&#x17C6;&#x179B;&#x17C3;&#x178A;&#x17C6;&#x178E;&#x17C4;&#x17C7;&#x1780;&#x17B6;&#x179A;&#x1798;&#x17C9;&#x17B6;&#x179F;&#x17CA;&#x17B8;&#x1793;&#x179F;&#x17C6;&#x1784;&#x17BD;&#x178F;&#x17A2;&#x17BC;&#x179F;&#x17D2;&#x179A;&#x17D2;&#x178F;&#x17B6;&#x179B;&#x17B8;&#x1794;&#x17D2;&#x179A;&#x1797;&#x17C1;&#x1791;&#x179A;&#x17C9;&#x17B6;&#x178C;&#x17B8;&#x1799;&#x17C9;&#x17B6;&#x179B;&#x17CB; &#x1793;&#x17B7;&#x1784;&#x17A5;&#x1791;&#x17D2;&#x1792;&#x17B7;&#x1796;&#x179B;&#x179A;&#x1794;&#x179F;&#x17CB;&#x179C;&#x17B6;&#x1791;&#x17C5;&#x179B;&#x17BE;&#x1782;&#x17BB;&#x178E;&#x1797;&#x17B6;&#x1796;&#x1782;&#x17D2;&#x179A;&#x17B6;&#x1794;&#x17CB;&#x179F;&#x17D2;&#x179A;&#x17BC;&#x179C;</subfield>
  </datafield>
  <datafield tag="260" ind1=" " ind2=" ">
    <subfield code="a">Phnom Penh</subfield>
    <subfield code="b">RUA</subfield>
    <subfield code="c">2001</subfield>
  </datafield>
  <datafield tag="300" ind1=" " ind2=" ">
    <subfield code="a">43p.</subfield>
    <subfield code="b">ill.</subfield>
    <subfield code="c">29cm.</subfield>
  </datafield>
  <datafield tag="942" ind1=" " ind2=" ">
    <subfield code="2">ddc</subfield>
    <subfield code="c">ATM</subfield>
  </datafield>
  <datafield tag="999" ind1=" " ind2=" ">
    <subfield code="c">4576</subfield>
    <subfield code="d">4576</subfield>
  </datafield>
  <datafield tag="952" ind1=" " ind2=" ">
    <subfield code="0">0</subfield>
    <subfield code="1">0</subfield>
    <subfield code="2">ddc</subfield>
    <subfield code="4">0</subfield>
    <subfield code="6">ATM_PRO_2001_000000000000000_B192_OR_1</subfield>
    <subfield code="7">0</subfield>
    <subfield code="9">23700</subfield>
    <subfield code="a">LBB</subfield>
    <subfield code="b">LBB</subfield>
    <subfield code="c">B192</subfield>
    <subfield code="d">2015-12-16</subfield>
    <subfield code="l">2</subfield>
    <subfield code="o">ATM PRO 2001 B192 Or.1</subfield>
    <subfield code="p">RUA038951</subfield>
    <subfield code="r">2018-01-30</subfield>
    <subfield code="s">2018-01-15</subfield>
    <subfield code="w">2015-12-16</subfield>
    <subfield code="y">ATM</subfield>
  </datafield>
  <datafield tag="952" ind1=" " ind2=" ">
    <subfield code="0">0</subfield>
    <subfield code="1">0</subfield>
    <subfield code="2">ddc</subfield>
    <subfield code="4">0</subfield>
    <subfield code="6">ATM_PRO_2001_000000000000000_B192_OR_2</subfield>
    <subfield code="7">0</subfield>
    <subfield code="9">23701</subfield>
    <subfield code="a">LBB</subfield>
    <subfield code="b">LBB</subfield>
    <subfield code="c">B192</subfield>
    <subfield code="d">2015-12-16</subfield>
    <subfield code="l">1</subfield>
    <subfield code="o">ATM PRO 2001 B192 Or.2</subfield>
    <subfield code="p">RUA038367</subfield>
    <subfield code="r">2019-11-16</subfield>
    <subfield code="s">2019-11-05</subfield>
    <subfield code="w">2015-12-16</subfield>
    <subfield code="y">ATM</subfield>
  </datafield>
  <datafield tag="952" ind1=" " ind2=" ">
    <subfield code="0">0</subfield>
    <subfield code="1">0</subfield>
    <subfield code="2">ddc</subfield>
    <subfield code="4">0</subfield>
    <subfield code="6">ATM_PRO_2001_000000000000000_B192_OR_3</subfield>
    <subfield code="7">0</subfield>
    <subfield code="9">23702</subfield>
    <subfield code="a">LBB</subfield>
    <subfield code="b">LBB</subfield>
    <subfield code="c">B192</subfield>
    <subfield code="d">2015-12-16</subfield>
    <subfield code="l">1</subfield>
    <subfield code="o">ATM PRO 2001 B192 Or.3</subfield>
    <subfield code="p">RUA038255</subfield>
    <subfield code="r">2022-06-17</subfield>
    <subfield code="s">2022-06-03</subfield>
    <subfield code="w">2015-12-16</subfield>
    <subfield code="y">ATM</subfield>
  </datafield>
  <datafield tag="952" ind1=" " ind2=" ">
    <subfield code="0">0</subfield>
    <subfield code="1">0</subfield>
    <subfield code="2">ddc</subfield>
    <subfield code="4">0</subfield>
    <subfield code="6">ATM_PRO_2001_000000000000000_B192_OR_4</subfield>
    <subfield code="7">0</subfield>
    <subfield code="9">71671</subfield>
    <subfield code="a">LBB</subfield>
    <subfield code="b">LBB</subfield>
    <subfield code="c">B192</subfield>
    <subfield code="d">2018-03-27</subfield>
    <subfield code="o">ATM PRO 2001 B192 Or.4</subfield>
    <subfield code="p">A05843</subfield>
    <subfield code="r">2018-03-27</subfield>
    <subfield code="w">2018-03-27</subfield>
    <subfield code="y">ATM</subfield>
  </datafield>
</record>
